Desarrollo económico o estabilidad monetaria?

Uloženo v:
Podrobná bibliografie
Hlavní autor: Herrera Lane, Felipe (autor)
Médium: Kniha
Jazyk:španělština
Vydáno: Santiago Jurídica de Chile 1958
Témata:
Tagy: Přidat tag
Žádné tagy, Buďte první, kdo vytvoří štítek k tomuto záznamu!

MARC

LEADER 00000nam a2200000 a 4500
001 UCP7692
003 CL-VaPUC
008 991217e19580000CL |||||||||||||||||spa|d
082 0 4 |a 338.983  |b HER  |2 21 
100 |a Herrera Lane, Felipe  |e autor  |9 527387 
245 1 0 |a Desarrollo económico o estabilidad monetaria? 
300 |a 154 p 
942 |c BK 
945 |d 19991217 00:00:00  |a crobeson 
260 |a Santiago  |b Jurídica de Chile  |c 1958 
650 0 |a Desarrollo económico y social   |9 256320 
650 0 |a Estabilidad económica   |9 316752 
650 0 |a Condiciones económicas  |9 258255 
650 0 |a Comercio exterior  |9 257617 
650 0 |a Política monetaria  |9 258279 
650 0 |a Inflación   |9 257218 
650 0 |a Fondo Monetario Internacional  |9 437285 
650 0 |a Inversiones extranjeras  |9 255451 
651 7 |a CHILE  |2 CL-VaPUC  |9 437286 
583 |a last modification  |c 19991217 00:00:00  |k Rodrigo Vera 
999 |c 284809  |d 284807 
952 |0 0  |1 0  |4 0  |6 338_983000000000000_HER_1958  |7 0  |8 A  |9 329048  |a BIBHIS  |b BIBHIS  |d 2019-11-20  |i 1373803  |o 338.983 HER 1958  |p 1373803  |r 2025-01-20  |w 2019-11-20  |y BK  |k HIS